000 01119nam a22003497a 4500
001 BR2017003077
003 BR-BrBNA
005 20230928105204.0
007 ta
008 230509b bl.||||| |||| 00| 0 por d
040 _aBR-BrBNA
_bpor
_cBiblioteca Nacional de Agricultura
041 _a(Por)
072 _aF60; L70
_b8966
090 _ 8966 BR2017003077
100 1 _aTeixeira, M.L.
110 1 _aUniversidade Federal de Lavras, MG (Brasil)
_0Tese (Doutorado)
245 1 _aÓleos essenciais de Cantinoa carpinifolia (Benth.)e Lippia origanoides Kunth.: composição química, atividade antioxidante e potencial farmacológico
260 3 _aLavras, MG (Brasil):
_c2016.
300 _a191 p.
500 _aSummaries (Eng, Por); Several bibliography; 34 illus.; 12 tables
650 _aÓLEO ESSENCIAL
650 _aCOMPOSIÇÃO QUÍMICA
650 _aPLANTA AROMÁTICA
650 _aALECRIM
650 _aHORTELÃ
650 _aCOBRA PEÇONHENTA
650 _aANTIOXIDANTE
650 _aINIBIDOR DE ENZIMA
650 _aFARMACOLOGIA
909 _a202309
_bLucia
_c55
_dLucia Elande
942 _cBK
999 _c83921
_d83921